[Event "HUN-chT2 Breyer 2324"]
[Site "Hungary"]
[Date "2024.03.03"]
[Round "5.2"]
[White "Matrahalmi, Tibor"]
[Black "Horvath, Andras"]
[Result "1-0"]
[WhiteElo "2264"]
[BlackElo "2260"]
[PlyCount "74"]
[EventDate "2023.10.08"]
[EventType "team-tourn"]
[EventRounds "9"]
[EventCountry "HUN"]
[SourceTitle "EXT 2025"]
[Source "ChessBase"]
[SourceDate "2024.10.14"]
[SourceVersion "1"]
[SourceVersionDate "2024.10.14"]
[SourceQuality "1"]
[WhiteTeam "Naszaly Geniusz Tata"]
[BlackTeam "Barcza BEAC"]
[WhiteTeamCountry "HUN"]
[BlackTeamCountry "HUN"]

1. e4 e5 2. Nf3 Nc6 3. Bb5 a6 4. Ba4 Nf6 5. 0-0 Be7 6. Re1 b5 7. Bb3 0-0 8. h3 Bb7 9. d3 d6 10. a3 Nb8 11. Nbd2 Nbd7 12. Nf1 Re8 13. Ng3 Bf8 14. Nf5 Nc5 15. Ba2 d5 16. exd5 Bxd5 17. Bxd5 Qxd5 18. Bg5 Nfd7 19. Qd2 f6 20. Be3 Na4 21. b3 Nac5 22. Qa5 Ne6 23. Ng3 c5 24. c4 Qb7 25. Ne4 Nd4 26. Bxd4 cxd4 27. a4 bxc4 28. bxc4 Bb4 29. Reb1 Bxa5 30. Rxb7 Red8 31. g4 Rab8 32. Rab1 Bc3 33. c5 Rbc8 34. Nh4 Rxc5 35. Rxd7 Rxd7 36. Nxc5 Rd5 37. Rb8+ Kf7 1-0

[Event "HUN-chT2 Breyer 1718"]
[Site "Hungary"]
[Date "2018.03.04"]
[Round "9.2"]
[White "Matrahalmi, Tibor"]
[Black "Borosova, Zuzana"]
[Result "0-1"]
[WhiteElo "2278"]
[BlackElo "2284"]
[PlyCount "82"]
[EventDate "2017.09.24"]
[EventType "team-tourn"]
[EventRounds "11"]
[EventCountry "HUN"]
[SourceTitle "EXT 2021"]
[Source "ChessBase"]
[SourceDate "2020.10.23"]
[SourceVersion "1"]
[SourceVersionDate "2020.10.23"]
[SourceQuality "1"]
[WhiteTeam "Naszaly Geniusz Tata"]
[BlackTeam "Kisber Aszar"]
[WhiteTeamCountry "HUN"]
[BlackTeamCountry "HUN"]

1. e4 e5 2. Nf3 Nc6 3. Bb5 a6 4. Ba4 Nf6 5. 0-0 Be7 6. d3 b5 7. Bb3 d6 8. a3 Na5 9. Ba2 c5 10. Nc3 Be6 11. Bg5 0-0 12. Bxf6 Bxf6 13. Nd5 g6 14. Qd2 Nc6 15. c3 Bg7 16. b4 Ne7 17. Ne3 Qd7 18. Ng5 Bxa2 19. Qxa2 h6 20. Nf3 a5 21. Qb3 Rfb8 22. Rfc1 Qb7 23. Rc2 Ra6 24. h4 d5 25. bxc5 dxe4 26. dxe4 Qxe4 27. Rd1 Rc6 28. Rd7 Bf8 29. Nd5 Nxd5 30. Qxd5 Qxd5 31. Rxd5 Rxc5 32. Rxc5 Bxc5 33. Nxe5 Bxa3 34. Nc6 Rc8 35. Nxa5 Bb4 36. Nb3 Rxc3 37. Rxc3 Bxc3 38. g4 h5 39. gxh5 gxh5 40. Kg2 Kf8 41. Kf3 Bf6 0-1

[Event "HUN-chT2 Breyer 1617"]
[Site "Hungary"]
[Date "2017.04.09"]
[Round "9.2"]
[White "Harmatosi, Jozsef"]
[Black "Matrahalmi, Tibor"]
[Result "0-1"]
[WhiteElo "2163"]
[BlackElo "2271"]
[PlyCount "102"]
[EventDate "2016.10.30"]
[EventType "team-tourn"]
[EventRounds "9"]
[EventCountry "HUN"]
[SourceTitle "EXT 2021"]
[Source "ChessBase"]
[SourceDate "2020.10.23"]
[SourceVersion "1"]
[SourceVersionDate "2020.10.23"]
[SourceQuality "1"]
[WhiteTeam "Torokbalint"]
[BlackTeam "Naszaly Geniusz Tata"]
[WhiteTeamCountry "HUN"]
[BlackTeamCountry "HUN"]

1. d4 Nf6 2. Nf3 e6 3. c3 c5 4. e3 b6 5. Nbd2 Bb7 6. Bd3 cxd4 7. exd4 Be7 8. 0-0 0-0 9. Re1 d6 10. Qe2 Nbd7 11. a4 a6 12. Nc4 Re8 13. Bf4 Qc7 14. h3 Bf8 15. Bh2 Bc6 16. Ncd2 Qb7 17. Ne4 Nxe4 18. Bxe4 Bxe4 19. Qxe4 Qxe4 20. Rxe4 b5 21. Bf4 Nb6 22. axb5 axb5 23. Ree1 Rec8 24. Kf1 Be7 25. Ke2 Na4 26. Rab1 f6 27. Kd3 Kf7 28. Bd2 d5 29. b3 Nb6 30. Ra1 Bd6 31. Rxa8 Rxa8 32. Kc2 Nd7 33. Rb1 e5 34. dxe5 fxe5 35. Be3 h6 36. Rb2 Rc8 37. Kd2 b4 38. c4 d4 39. Ra2 dxe3+ 40. Kxe3 Ke6 41. Nd2 Nc5 42. Ra7 Rc7 43. Ra8 Rf7 44. Ra5 Rb7 45. Ra8 Bb8 46. Ra5 Ba7 47. Ke2 Rd7 48. Rb5 Rb7 49. Ra5 e4 50. Kd1 Rd7 51. Kc2 Rxd2+ 0-1

[Event "HUN-chT2 Breyer 1516"]
[Site "Hungary"]
[Date "2016.03.20"]
[Round "9.2"]
[White "Matrahalmi, Tibor"]
[Black "Molnar, Aurel"]
[Result "1/2-1/2"]
[WhiteElo "2279"]
[BlackElo "2197"]
[PlyCount "39"]
[EventDate "2015.09.13"]
[EventType "team-tourn"]
[EventRounds "11"]
[EventCountry "HUN"]
[SourceTitle "EXT 2017"]
[Source "ChessBase"]
[SourceDate "2016.10.25"]
[SourceVersion "1"]
[SourceVersionDate "2016.10.25"]
[SourceQuality "1"]
[WhiteTeam "Naszaly Geniusz Tata"]
[BlackTeam "TTC Sakk"]
[WhiteTeamCountry "HUN"]
[BlackTeamCountry "HUN"]

1. e4 c5 2. Nf3 Nc6 3. d4 cxd4 4. Nxd4 Nf6 5. Nc3 g6 6. Be3 Bg7 7. Bc4 0-0 8. Bb3 Ng4 9. Qxg4 Nxd4 10. Qd1 Nxb3 11. axb3 a6 12. 0-0 b5 13. Bd4 Bb7 14. Bxg7 Kxg7 15. Qd4+ f6 16. Rad1 Bc6 17. Rfe1 e6 18. f4 Rb8 19. Kh1 Qb6 20. Qxb6 1/2-1/2

[Event "HUN-chT2 Breyer 1516"]
[Site "Hungary"]
[Date "2015.10.18"]
[Round "3.2"]
[White "Matrahalmi, Tibor"]
[Black "Gara Tarnoczi, Peter"]
[Result "1/2-1/2"]
[WhiteElo "2279"]
[BlackElo "2207"]
[PlyCount "21"]
[EventDate "2015.09.13"]
[EventType "team-tourn"]
[EventRounds "11"]
[EventCountry "HUN"]
[SourceTitle "CBM 170 Extra"]
[Source "ChessBase"]
[SourceDate "2016.02.25"]
[SourceVersion "1"]
[SourceVersionDate "2016.02.25"]
[SourceQuality "1"]
[WhiteTeam "Naszaly Geniusz Tata"]
[BlackTeam "Sarkany DSE"]
[WhiteTeamCountry "HUN"]
[BlackTeamCountry "HUN"]

1. d4 d5 2. Nf3 c5 3. c4 e6 4. cxd5 exd5 5. g3 Nc6 6. Nc3 Nf6 7. Bg2 Be7 8. 0-0 0-0 9. dxc5 d4 10. Na4 Bf5 11. Nh4 1/2-1/2

[Event "HUN-chT2 Breyer 1516"]
[Site "Hungary"]
[Date "2015.10.04"]
[Round "2.2"]
[White "Horeczky, Tibor"]
[Black "Matrahalmi, Tibor"]
[Result "0-1"]
[WhiteElo "2187"]
[BlackElo "2279"]
[PlyCount "97"]
[EventDate "2015.09.13"]
[EventType "team-tourn"]
[EventRounds "11"]
[EventCountry "HUN"]
[SourceTitle "CBM 170 Extra"]
[Source "ChessBase"]
[SourceDate "2016.02.25"]
[SourceVersion "1"]
[SourceVersionDate "2016.02.25"]
[SourceQuality "1"]
[WhiteTeam "Szazhalombatta"]
[BlackTeam "Naszaly Geniusz Tata"]
[WhiteTeamCountry "HUN"]
[BlackTeamCountry "HUN"]

1. e4 e5 2. Nf3 Nc6 3. Bb5 a6 4. Ba4 Nf6 5. 0-0 Be7 6. Re1 b5 7. Bb3 d6 8. c3 0-0 9. h3 Na5 10. Bc2 c5 11. d4 Nd7 12. Nbd2 exd4 13. cxd4 Nc6 14. d5 Nce5 15. Nxe5 Nxe5 16. f4 Ng6 17. Nf3 Bh4 18. Rf1 Bg3 19. f5 Ne5 20. b3 Nxf3+ 21. Qxf3 Be5 22. Rb1 Qh4 23. g4 Qg3+ 24. Qxg3 Bxg3 25. Bf4 Bxf4 26. Rxf4 Re8 27. g5 Re5 28. h4 Bd7 29. Bd3 Rc8 30. Rc1 a5 31. Rf2 Ra8 32. Kg2 Kf8 33. Kg3 a4 34. b4 cxb4 35. Rc7 Ke8 36. Rb2 Kd8 37. Rc1 b3 38. axb3 a3 39. Rbc2 Bxf5 40. exf5 Re3+ 41. Kg4 Rxd3 42. Rc7 a2 43. Rxf7 a1Q 44. Rxa1 Rxa1 45. Rxg7 Rd4+ 46. Kg3 Rb1 47. Rxh7 Rxb3+ 48. Kf2 Rd2+ 49. Ke1 0-1

[Event "HUN-chT2 Breyer 1516"]
[Site "Hungary"]
[Date "2015.09.13"]
[Round "1.2"]
[White "Matrahalmi, Tibor"]
[Black "Finszter, Mate"]
[Result "1-0"]
[WhiteElo "2279"]
[BlackElo "2214"]
[PlyCount "105"]
[EventDate "2015.09.13"]
[EventType "team-tourn"]
[EventRounds "11"]
[EventCountry "HUN"]
[SourceTitle "CBM 170 Extra"]
[Source "ChessBase"]
[SourceDate "2016.02.25"]
[SourceVersion "1"]
[SourceVersionDate "2016.02.25"]
[SourceQuality "1"]
[WhiteTeam "Naszaly Geniusz Tata"]
[BlackTeam "Gyor UDSE"]
[WhiteTeamCountry "HUN"]
[BlackTeamCountry "HUN"]

1. e4 c5 2. Nf3 d6 3. d4 cxd4 4. Nxd4 Nf6 5. Nc3 g6 6. Be3 Bg7 7. f3 0-0 8. Qd2 Nc6 9. g4 Be6 10. Nxe6 fxe6 11. 0-0-0 Rc8 12. Bc4 Qd7 13. Bb3 Ne5 14. Qe2 a6 15. Na4 Rc6 16. Nc5 Rxc5 17. Bxc5 Qc8 18. Be3 b5 19. h4 Nc4 20. Bxc4 bxc4 21. Bd4 Nd7 22. h5 Bxd4 23. Rxd4 Ne5 24. hxg6 hxg6 25. f4 Nd3+ 26. Kb1 Qc5 27. Qh2 Kf7 28. Qh7+ Ke8 29. Qxg6+ Kd7 30. Qg7 Rb8 31. cxd3 c3 32. Rh2 Qa3 33. Rxd6+ Qxd6 34. Qxc3 Rc8 35. Qd2 Rg8 36. g5 Rf8 37. Rf2 Rh8 38. Rf1 Rh3 39. d4 Qc6 40. Re1 Qc4 41. Qe2 Qxe2 42. Rxe2 Rf3 43. Rg2 Rxf4 44. g6 Rf8 45. g7 Rg8 46. Kc2 e5 47. d5 e6 48. Kd3 Ke7 49. Kc4 Rc8+ 50. Kb4 Rg8 51. Kc5 Rc8+ 52. Kb6 Rg8 53. Kc7 1-0

[Event "HUN-chT2 Charousek 1314"]
[Site "Hungary"]
[Date "2014.04.27"]
[Round "11"]
[White "Matrahalmi, Tibor"]
[Black "Trbojevic, Mladen"]
[Result "0-1"]
[WhiteElo "2308"]
[BlackElo "2358"]
[PlyCount "114"]
[EventDate "2013.09.08"]
[EventType "team-tourn"]
[EventRounds "11"]
[EventCountry "HUN"]
[SourceTitle "EXT 2016"]
[Source "ChessBase"]
[SourceDate "2015.10.08"]
[SourceVersion "1"]
[SourceVersionDate "2015.10.08"]
[SourceQuality "1"]
[WhiteTeam "Geniusz Tata"]
[BlackTeam "Szombathely Haladas II"]
[WhiteTeamCountry "HUN"]
[BlackTeamCountry "HUN"]

1. e4 e5 2. Nf3 Nc6 3. Bb5 a6 4. Ba4 Nf6 5. 0-0 b5 6. Bb3 Bc5 7. d3 d6 8. c3 h6 9. Nbd2 0-0 10. h3 Bb6 11. Re1 Re8 12. Nf1 d5 13. Qe2 Be6 14. Ng3 Qd7 15. Be3 d4 16. Bxe6 fxe6 17. Bd2 Red8 18. Rad1 dxc3 19. Bxc3 Nd4 20. Nxd4 Bxd4 21. Bxd4 Qxd4 22. Qc2 c5 23. Qb3 Qd7 24. Qc3 Qd6 25. Rc1 Rac8 26. a3 Nd7 27. Nh5 Qd4 28. Qb3 Rc6 29. Qd1 Rf8 30. Rc2 Nf6 31. Nxf6+ Rxf6 32. Re3 Rc7 33. Rf3 Rxf3 34. Qxf3 a5 35. Qg4 Qd6 36. h4 Rf7 37. h5 Rf6 38. Rc3 Qd4 39. Rc2 Qd6 40. Rc3 Rf8 41. Qg6 Rf7 42. Qg4 Qd4 43. Qxe6 Qxf2+ 44. Kh2 Qf4+ 45. Kg1 Qg3 46. Qe8+ Rf8 47. Qe6+ Kh8 48. Qg6 Qe1+ 49. Kh2 Qh4+ 50. Kg1 Rf6 51. Qe8+ Kh7 52. Qxe5 Qe1+ 53. Kh2 Rf1 54. Kh3 Rh1+ 55. Kg4 Qe2+ 56. Kg3 Rxh5 57. Qe7 Qe3+ 0-1

[Event "Pardubice op rap 24th"]
[Site "Pardubice"]
[Date "2013.07.18"]
[Round "9"]
[White "Matrahalmi, Tibor"]
[Black "Miturova, Magdalena"]
[Result "1-0"]
[WhiteElo "2308"]
[BlackElo "2121"]
[PlyCount "69"]
[EventDate "2013.07.17"]
[EventType "swiss (rapid)"]
[EventRounds "9"]
[EventCountry "CZE"]
[SourceTitle "CBM 155 Extra"]
[Source "ChessBase"]
[SourceDate "2013.08.26"]
[SourceVersion "1"]
[SourceVersionDate "2013.08.26"]
[SourceQuality "1"]

1. e4 e5 2. Nf3 Nc6 3. Bb5 a6 4. Ba4 Nf6 5. d4 exd4 6. 0-0 Be7 7. Re1 b5 8. e5 Nxe5 9. Nxe5 bxa4 10. Qxd4 0-0 11. Bg5 h6 12. Bh4 Re8 13. Nc3 c5 14. Qxa4 Rb8 15. Rad1 Rb4 16. Qa3 Bb7 17. Bg3 c4 18. Nb1 d5 19. Qc3 Qc8 20. Nd2 Rb6 21. a3 Bc5 22. Bh4 Qf5 23. Ndf3 Ne4 24. Qa5 Rxb2 25. Qc7 Bd6 26. Qd7 Qxd7 27. Nxd7 Rxc2 28. Nd4 Ra2 29. f3 Bc8 30. Nb6 Bc5 31. Nxc8 Rxc8 32. fxe4 dxe4 33. Kh1 Rxa3 34. Rxe4 Rd8 35. Bxd8 1-0

[Event "HUN-chT2 Charousek 1213"]
[Site "Hungary"]
[Date "2013.04.21"]
[Round "11"]
[White "Matrahalmi, Tibor"]
[Black "Krutti, Valer"]
[Result "1/2-1/2"]
[WhiteElo "2297"]
[BlackElo "2352"]
[PlyCount "26"]
[EventDate "2012.09.16"]
[EventType "team-tourn"]
[EventRounds "11"]
[EventCountry "HUN"]
[SourceTitle "EXT 2014"]
[Source "ChessBase"]
[SourceDate "2013.11.20"]
[SourceVersion "1"]
[SourceVersionDate "2013.11.20"]
[SourceQuality "1"]
[WhiteTeam "Geniusz Tata"]
[BlackTeam "Aquaprofit II"]
[WhiteTeamCountry "HUN"]
[BlackTeamCountry "HUN"]

1. e4 e5 2. Nf3 Nc6 3. Bb5 Nf6 4. 0-0 Nxe4 5. d4 Nd6 6. Bxc6 dxc6 7. dxe5 Nf5 8. Qxd8+ Kxd8 9. Nc3 Ke8 10. h3 h6 11. b3 Be7 12. Bb2 Bd7 13. Rad1 Rd8 1/2-1/2

[Event "HUN-chT2 Charousek 1213"]
[Site "Hungary"]
[Date "2013.01.27"]
[Round "6"]
[White "Peredy, Ferenc"]
[Black "Matrahalmi, Tibor"]
[Result "1/2-1/2"]
[WhiteElo "2178"]
[BlackElo "2297"]
[PlyCount "41"]
[EventDate "2012.09.16"]
[EventType "team-tourn"]
[EventRounds "11"]
[EventCountry "HUN"]
[SourceTitle "EXT 2014"]
[Source "ChessBase"]
[SourceDate "2013.11.20"]
[SourceVersion "1"]
[SourceVersionDate "2013.11.20"]
[SourceQuality "1"]
[WhiteTeam "Balatonfuered"]
[BlackTeam "Geniusz Tata"]
[WhiteTeamCountry "HUN"]
[BlackTeamCountry "HUN"]

1. d4 Nf6 2. c4 g6 3. Nf3 Bg7 4. g3 0-0 5. Bg2 d6 6. Nc3 Nc6 7. 0-0 Bg4 8. d5 Na5 9. Nd2 c5 10. h3 Bd7 11. Qc2 a6 12. b3 Rb8 13. Bb2 b5 14. Rae1 Qc7 15. Nd1 e6 16. e4 bxc4 17. bxc4 exd5 18. e5 Bf5 19. Qc1 Ne8 20. exd6 Nxd6 21. Bxg7 1/2-1/2

[Event "HUN-chT2 Charousek 1213"]
[Site "Hungary"]
[Date "2012.09.16"]
[Round "1"]
[White "Takacs, Balazs"]
[Black "Matrahalmi, Tibor"]
[Result "1/2-1/2"]
[WhiteElo "2349"]
[BlackElo "2297"]
[PlyCount "90"]
[EventDate "2012.09.16"]
[EventType "team-tourn"]
[EventRounds "11"]
[EventCountry "HUN"]
[SourceTitle "EXT 2014"]
[Source "ChessBase"]
[SourceDate "2013.11.20"]
[SourceVersion "1"]
[SourceVersionDate "2013.11.20"]
[SourceQuality "1"]
[WhiteTeam "Alsoszolnok"]
[BlackTeam "Geniusz Tata"]
[WhiteTeamCountry "HUN"]
[BlackTeamCountry "HUN"]

1. e4 e5 2. Nf3 Nc6 3. Bb5 a6 4. Bxc6 dxc6 5. d4 exd4 6. Qxd4 Qxd4 7. Nxd4 Bd7 8. Nc3 0-0-0 9. Bd2 Bd6 10. Nde2 Ne7 11. 0-0-0 Ng6 12. f3 h5 13. h4 f6 14. Kb1 Rde8 15. Be1 b5 16. Bg3 Ne5 17. Bf2 f5 18. exf5 Bxf5 19. Ng3 g6 20. Nce4 Rd8 21. Bd4 Rhf8 22. Nxd6+ cxd6 23. Bxe5 dxe5 24. Kc1 Rd5 25. Rhe1 Rfd8 26. Rxd5 Rxd5 27. c3 Kc7 28. Re3 a5 29. Ne4 b4 30. Nf6 Rd3 31. Rxd3 Bxd3 32. Kd2 Bb1 33. g4 Kd6 34. cxb4 axb4 35. a4 bxa3 36. bxa3 Ke7 37. g5 Ba2 38. a4 Bc4 39. Ne4 Ke6 40. Ke3 Kd5 41. a5 Ba6 42. Nf6+ Ke6 43. Ne4 Kd5 44. Nf6+ Ke6 45. Ne8 Kd7 1/2-1/2

[Event "HUN-chT2 Breyer 1112"]
[Site "Hungary"]
[Date "2012.05.06"]
[Round "10.1"]
[White "Kubacsny, Laszlo"]
[Black "Matrahalmi, Tibor"]
[Result "1-0"]
[WhiteElo "2320"]
[BlackElo "2344"]
[PlyCount "81"]
[EventDate "2011.09.25"]
[EventType "team-tourn"]
[EventRounds "11"]
[EventCountry "HUN"]
[SourceTitle "EXT 2013"]
[Source "ChessBase"]
[SourceDate "2012.11.22"]
[SourceVersion "1"]
[SourceVersionDate "2012.11.22"]
[SourceQuality "1"]
[WhiteTeam "Torokbalint"]
[BlackTeam "MAV Elore"]
[WhiteTeamCountry "HUN"]
[BlackTeamCountry "HUN"]

1. e4 e5 2. Nf3 Nc6 3. Bb5 a6 4. Ba4 Nge7 5. 0-0 g6 6. d4 exd4 7. Nxd4 Bg7 8. c3 0-0 9. Be3 Ne5 10. f4 Nc4 11. Bc1 c5 12. Nf3 d5 13. Bc2 dxe4 14. Bxe4 Nd6 15. Bc2 Bf5 16. Nbd2 Qc7 17. Ne5 Rad8 18. Bxf5 Ndxf5 19. Qf3 Nd5 20. Ne4 f6 21. Nc4 b5 22. g4 Nh4 23. Qf2 bxc4 24. Qxh4 Rfe8 25. Ng3 Ne3 26. Bxe3 Rxe3 27. f5 Rd2 28. g5 fxg5 29. Qxg5 Bh6 30. Qg4 Qb7 31. Qh3 Re5 32. Rae1 Be3+ 33. Rxe3 Rxe3 34. f6 Rf3 35. Qe6+ Kf8 36. Rxf3 Rd1+ 37. Kg2 Rd2+ 38. Kh3 Rxb2 39. Re3 Qg2+ 40. Kg4 h5+ 41. Kg5 1-0

[Event "HUN-chT2 Breyer 1112"]
[Site "Hungary"]
[Date "2012.01.29"]
[Round "5.1"]
[White "Borocz, Istvan"]
[Black "Matrahalmi, Tibor"]
[Result "1-0"]
[WhiteElo "2386"]
[BlackElo "2344"]
[PlyCount "75"]
[EventDate "2011.09.25"]
[EventType "team-tourn"]
[EventRounds "11"]
[EventCountry "HUN"]
[SourceTitle "EXT 2013"]
[Source "ChessBase"]
[SourceDate "2012.11.22"]
[SourceVersion "1"]
[SourceVersionDate "2012.11.22"]
[SourceQuality "1"]
[WhiteTeam "Husi"]
[BlackTeam "MAV Elore"]
[WhiteTeamCountry "HUN"]
[BlackTeamCountry "HUN"]

1. e4 e5 2. f4 exf4 3. Nf3 g5 4. Bc4 Bg7 5. d4 d6 6. 0-0 Nc6 7. c3 h6 8. h4 Na5 9. Qa4+ c6 10. Bd3 b5 11. Qc2 g4 12. Nh2 Qxh4 13. Rxf4 Ne7 14. Nf1 Ng6 15. g3 Qe7 16. Rf2 0-0 17. Ne3 h5 18. Nd2 h4 19. Ndf1 hxg3 20. Nxg3 Nh4 21. Nef5 Bxf5 22. Nxf5 Nxf5 23. Rxf5 Qh4 24. Bf4 Nc4 25. Bxc4 bxc4 26. Bxd6 Bh6 27. Qh2 Be3+ 28. Kg2 Qxh2+ 29. Kxh2 Rfe8 30. e5 Re6 31. Raf1 Rh6+ 32. Kg3 Kh8 33. Rxf7 Rg8 34. Be7 Rh3+ 35. Kg2 Bh6 36. Bf6+ Bg7 37. Rxg7 Rxg7 38. Rf4 1-0

[Event "HUN-chT2 Asztalos 1011"]
[Site "Hungary"]
[Date "2011.03.27"]
[Round "7.1"]
[White "Katai, David"]
[Black "Matrahalmi, Tibor"]
[Result "0-1"]
[WhiteElo "2235"]
[BlackElo "2299"]
[PlyCount "86"]
[EventDate "2010.09.12"]
[EventType "team-tourn"]
[EventRounds "11"]
[EventCountry "HUN"]
[SourceTitle "EXT 2012"]
[Source "ChessBase"]
[SourceDate "2011.11.24"]
[SourceVersion "1"]
[SourceVersionDate "2011.11.24"]
[SourceQuality "1"]
[WhiteTeam "Kaposvar Bastya"]
[BlackTeam "Szekesfehervar"]
[WhiteTeamCountry "HUN"]
[BlackTeamCountry "HUN"]

1. e4 e5 2. Nf3 Nc6 3. Bb5 a6 4. Ba4 Nf6 5. 0-0 Be7 6. Re1 b5 7. Bb3 d6 8. c3 0-0 9. h3 Nb8 10. d4 Nbd7 11. Nbd2 Bb7 12. Bc2 Re8 13. Nf1 Bf8 14. Ng3 g6 15. a4 c5 16. d5 c4 17. Bg5 h6 18. Be3 Nc5 19. Qd2 h5 20. Bg5 Be7 21. Ra3 Nfd7 22. Bh6 Bf6 23. Rea1 Qe7 24. Be3 Nb6 25. axb5 axb5 26. Qe2 Rxa3 27. Rxa3 Ra8 28. Rxa8+ Bxa8 29. b3 h4 30. Nf1 Qc7 31. bxc4 Nxc4 32. Bd3 Na4 33. Qa2 Bb7 34. Bxc4 Qxc4 35. Qxc4 bxc4 36. Bd2 Nc5 37. Ne3 Nxe4 38. Nxc4 Bxd5 39. Ne3 Bc6 40. c4 Nxd2 41. Nxd2 Bg5 42. Nb3 f5 43. c5 Ba4 0-1

[Event "HUN-chT2 Asztalos 1011"]
[Site "Hungary"]
[Date "2010.09.26"]
[Round "2.1"]
[White "Horvath, Viktoria"]
[Black "Matrahalmi, Tibor"]
[Result "0-1"]
[WhiteElo "2002"]
[BlackElo "2299"]
[PlyCount "122"]
[EventDate "2010.09.12"]
[EventType "team-tourn"]
[EventRounds "11"]
[EventCountry "HUN"]
[SourceTitle "EXT 2012"]
[Source "ChessBase"]
[SourceDate "2011.11.24"]
[SourceVersion "1"]
[SourceVersionDate "2011.11.24"]
[SourceQuality "1"]
[WhiteTeam "Dombovar"]
[BlackTeam "Szekesfehervar"]
[WhiteTeamCountry "HUN"]
[BlackTeamCountry "HUN"]

1. e4 Nf6 2. e5 Nd5 3. d4 d6 4. Nf3 dxe5 5. Nxe5 g6 6. Bc4 c6 7. Nc3 Be6 8. Ne4 f6 9. Nc5 Bg8 10. Ned3 b6 11. Ne4 Ne3 12. Bxe3 Bxc4 13. 0-0 Bg7 14. Re1 0-0 15. Ng3 e5 16. dxe5 fxe5 17. Ne4 Bd5 18. f3 Qe7 19. Bg5 Qd7 20. Qe2 Qf5 21. Bd2 Nd7 22. Rad1 Rad8 23. b3 h6 24. c4 Bxe4 25. fxe4 Qe6 26. Bc3 Kh7 27. Rf1 Nb8 28. Rxf8 Rxf8 29. Rf1 Rd8 30. Nb4 a5 31. Nd3 Na6 32. Qe3 c5 33. Qg3 Re8 34. Qf3 Rf8 35. Qg3 Rxf1+ 36. Kxf1 Nb4 37. Bxb4 axb4 38. Qf3 Qd7 39. Qe3 h5 40. h3 Qd6 41. Nf2 Qf6 42. Ke2 Bh6 43. Qf3 Qg5 44. Qf7+ Bg7 45. Qf3 Qc1 46. Qd3 Qg1 47. Kf3 Qh2 48. Qd2 Bf6 49. Qd7+ Kh6 50. Qd2+ Bg5 51. Qd6 Qf4+ 52. Ke2 Bh4 53. Nd3 Qxe4+ 54. Kf1 Qf5+ 55. Ke2 Bg3 56. Qd8 e4 57. Qh8+ Kg5 58. Qd8+ Qf6 59. h4+ Bxh4 60. Qd5+ Qf5 61. Qd8+ Kg4 0-1

[Event "HUN-chT2 Asztalos 0910"]
[Site "Hungary"]
[Date "2009.12.06"]
[Round "3"]
[White "Matrahalmi, Tibor"]
[Black "Veress, Robert"]
[Result "1-0"]
[WhiteElo "2249"]
[BlackElo "2214"]
[PlyCount "51"]
[EventDate "2009.11.08"]
[EventType "team-tourn"]
[EventRounds "11"]
[EventCountry "HUN"]
[SourceTitle "EXT 2011"]
[Source "ChessBase"]
[SourceDate "2010.11.26"]
[SourceVersion "1"]
[SourceVersionDate "2010.11.26"]
[SourceQuality "1"]
[WhiteTeam "Szekesfehervar"]
[BlackTeam "Szenna Pack"]
[WhiteTeamCountry "HUN"]
[BlackTeamCountry "HUN"]

1. e4 c5 2. c3 Nf6 3. e5 Nd5 4. d4 cxd4 5. Nf3 e6 6. cxd4 d6 7. a3 Nc6 8. Bd3 Be7 9. 0-0 Bd7 10. Re1 Rc8 11. Nbd2 Qc7 12. Nf1 h6 13. Qe2 Qb6 14. b4 dxe5 15. dxe5 Nd4 16. Nxd4 Qxd4 17. Bb2 Qh4 18. g3 Qh3 19. Be4 0-0 20. Rad1 a6 21. Ne3 Bb5 22. Qf3 Nxe3 23. Qxe3 Ba4 24. Rc1 Rxc1 25. Rxc1 b5 26. Bd4 1-0